<?xml version="1.0" encoding="UTF-8"?>
<record
    xmlns:xsi="http://www.w3.org/2001/XMLSchema-instance"
    xsi:schemaLocation="http://www.loc.gov/MARC21/slim http://www.loc.gov/standards/marcxml/schema/MARC21slim.xsd"
    xmlns="http://www.loc.gov/MARC21/slim">

  <leader>03287nam a22002537a 4500</leader>
  <controlfield tag="005">20220611110219.0</controlfield>
  <controlfield tag="008">220606b           ||||| |||| 00| 0 eng d</controlfield>
  <datafield tag="020" ind1=" " ind2=" ">
    <subfield code="a">979381441879</subfield>
  </datafield>
  <datafield tag="040" ind1=" " ind2=" ">
    <subfield code="c">Aloy</subfield>
  </datafield>
  <datafield tag="041" ind1=" " ind2=" ">
    <subfield code="a">kan</subfield>
  </datafield>
  <datafield tag="082" ind1=" " ind2=" ">
    <subfield code="2">23</subfield>
    <subfield code="a">K894.4</subfield>
    <subfield code="b">NART</subfield>
  </datafield>
  <datafield tag="100" ind1=" " ind2=" ">
    <subfield code="a">K V Narayana: &#xC95;&#xCC6; &#xCB5;&#xCBF; &#xCA8;&#xCBE;&#xCB0;&#xCBE;&#xCAF;&#xCA3;</subfield>
    <subfield code="9">41944</subfield>
  </datafield>
  <datafield tag="245" ind1=" " ind2=" ">
    <subfield code="a">Thondu mevu: KVN evaregina barahagalu:</subfield>
    <subfield code="b">&#xCA4;&#xCCA;&#xC82;&#xCA1;&#xCC1; &#xCAE;&#xCC7;&#xCB5;&#xCC1;: &#xC95;&#xCC6;&#xCB5;&#xCBF;&#xC8E;&#xCA8;&#xCCD; &#xC88;&#xCB5;&#xCB0;&#xCC6;&#xC97;&#xCBF;&#xCA8; &#xCAC;&#xCB0;&#xCB9;&#xC97;&#xCB3;&#xCC1; Vol.2</subfield>
  </datafield>
  <datafield tag="260" ind1=" " ind2=" ">
    <subfield code="a">Bengaluru</subfield>
    <subfield code="b">Pragati Graphics</subfield>
    <subfield code="c">2020</subfield>
  </datafield>
  <datafield tag="300" ind1=" " ind2=" ">
    <subfield code="a">xxii.358p.</subfield>
    <subfield code="b">PB</subfield>
    <subfield code="c">21x14cm.</subfield>
  </datafield>
  <datafield tag="365" ind1=" " ind2=" ">
    <subfield code="2">Kannada</subfield>
    <subfield code="a">BLCR-000029</subfield>
    <subfield code="b">256.00</subfield>
    <subfield code="c">&#x20B9;</subfield>
    <subfield code="d">320.00</subfield>
    <subfield code="e">20%</subfield>
    <subfield code="f">30-05-2022</subfield>
  </datafield>
  <datafield tag="440" ind1=" " ind2=" ">
    <subfield code="a">Pragathi Pustaka Male: &#xCAA;&#xCCD;&#xCB0;&#xC97;&#xCA4;&#xCBF; &#xCAA;&#xCC1;&#xCB8;&#xCCD;&#xCA4;&#xC95;&#xCAE;&#xCBE;&#xCB2;&#xCC6; ;176</subfield>
    <subfield code="v">Vol.2</subfield>
    <subfield code="9">40612</subfield>
  </datafield>
  <datafield tag="520" ind1=" " ind2=" ">
    <subfield code="a">&#xCAC;&#xCC7;&#xCB0;&#xCC1;-&#xC95;&#xCBE;&#xC82;&#xCA1; &#xCAE;&#xCA4;&#xCCD;&#xCA4;&#xCC1; &#xC9A;&#xCBF;&#xC97;&#xCC1;&#xCB0;&#xCC1; &#xC8E;&#xC82;&#xCAC; &#xCB6;&#xCC0;&#xCB0;&#xCCD;&#xCB7;&#xCBF;&#xC95;&#xCC6;&#xCAF;&#xCB2;&#xCCD;&#xCB2;&#xCBF; &#xCAA;&#xCCD;&#xCB0;&#xC95;&#xC9F;&#xCB5;&#xCBE;&#xC97;&#xCBF;&#xCA6;&#xCCD;&#xCA6; &#xC95;&#xCC6;.&#xCB5;&#xCBF;. &#xCA8;&#xCBE;&#xCB0;&#xCBE;&#xCAF;&#xCA3; &#xC85;&#xCB5;&#xCB0; &#xCAA;&#xCC1;&#xCB8;&#xCCD;&#xCA4;&#xC95;&#xCB5;&#xCA8;&#xCCD;&#xCA8;&#xCC1; &#x2019;&#xC87;&#xCA6;&#xCC1;&#xCB5;&#xCB0;&#xCC6;&#xC97;&#xCBF;&#xCA8; &#xCAC;&#xCB0;&#xCC6;&#xCB9;&#xC97;&#xCB3;&#xCC1;&#x2019; &#xCB8;&#xCB0;&#xCA3;&#xCBF;&#xCAF; &#x2019;&#xCA4;&#xCCA;&#xC82;&#xCA1;&#xCC1;&#xCAE;&#xCC7;&#xCB5;&#xCC1;&#x2019;&#xCA8;&#xCB2;&#xCCD;&#xCB2;&#xCBF; &#xC8E;&#xCB0;&#xCA1;&#xCA8;&#xCC6;&#xCAF; &#xC95;&#xC82;&#xCA4;&#xCC6;&#xCAF;&#xCBE;&#xC97;&#xCBF; &#xCAA;&#xCCD;&#xCB0;&#xC95;&#xC9F;&#xCBF;&#xCB8;&#xCB2;&#xCBE;&#xC97;&#xCBF;&#xCA6;&#xCC6;. &#xC95;&#xCA8;&#xCCD;&#xCA8;&#xCA1; &#xCB8;&#xCBE;&#xCB9;&#xCBF;&#xCA4;&#xCCD;&#xCAF;&#xCB5;&#xCA8;&#xCCD;&#xCA8;&#xCC1; &#xC95;&#xCC1;&#xCB0;&#xCBF;&#xCA4; &#xCB2;&#xCC7;&#xC96;&#xCA8;&#xC97;&#xCB3;&#xCC1; &#xC88; &#xCB8;&#xC82;&#xCAA;&#xCC1;&#xC9F;&#xCA6;&#xCB2;&#xCCD;&#xCB2;&#xCBF;&#xCB5;&#xCC6;. &#xCB8;&#xCBE;&#xCB9;&#xCBF;&#xCA4;&#xCCD;&#xCAF; &#xC9A;&#xCB0;&#xCBF;&#xCA4;&#xCCD;&#xCB0;&#xCC6;, &#xCAA;&#xCCD;&#xCB0;&#xCBE;&#xC9A;&#xCC0;&#xCA8; &#xCB8;&#xCBE;&#xCB9;&#xCBF;&#xCA4;&#xCCD;&#xCAF;&#xCA6; &#xC85;&#xCA7;&#xCCD;&#xCAF;&#xCAF;&#xCA8;, &#xC95;&#xCB5;&#xCBF;&#xCB0;&#xCBE;&#xC9C;&#xCAE;&#xCBE;&#xCB0;&#xCCD;&#xC97;, &#xCAA;&#xC82;&#xCAA;, &#xC95;&#xCA8;&#xC95;&#xCA6;&#xCBE;&#xCB8;, &#xCAC;&#xCBF;&#xC8E;&#xC82;&#xCB6;&#xCCD;&#xCB0;&#xCC0;, &#xC97;&#xCCB;&#xCB5;&#xCBF;&#xC82;&#xCA6; &#xCAA;&#xCC8;, &#xCB5;&#xC9A;&#xCA8; &#xC9A;&#xCB3;&#xCC1;&#xCB5;&#xCB3;&#xCBF;, &#xCB6;&#xCC2;&#xCA8;&#xCCD;&#xCAF; &#xCB8;&#xC82;&#xCAA;&#xCBE;&#xCA6;&#xCA8;&#xCC6;, &#xC85;&#xCAD;&#xCBF;&#xC9C;&#xCCD;&#xC9E;&#xCBE;&#xCA8; &#xCB6;&#xCBE;&#xC95;&#xCC1;&#xC82;&#xCA4;&#xCB2;, &#xCB6;&#xC82;&#xCAC;&#xCBE; &#xC9C;&#xCCB;&#xCB7;&#xCBF; &#xC85;&#xCB5;&#xCB0;&#xCA8;&#xCCD;&#xCA8; &#xC95;&#xCC1;&#xCB0;&#xCBF;&#xCA4; &#xCB2;&#xCC7;&#xC96;&#xCA8;&#xC97;&#xCB3;&#xCBF;&#xCB5;&#xCC6;. &#xC8E;&#xCB0;&#xCA1;&#xCA8;&#xCC6; &#xCAD;&#xCBE;&#xC97;&#xCB2;&#xCA6;&#xCB2;&#xCCD;&#xCB2;&#xCBF; &#xCAE;&#xCB2;&#xCCD;&#xCB2;&#xCBF;&#xC95;&#xCBE; &#xC98;&#xC82;&#xC9F;&#xCBF;, &#xC97;&#xCCB;&#xCB5;&#xCBF;&#xC82;&#xCA6;&#xCB0;&#xCBE;&#xC9C;&#xCC1;, &#xCAE;&#xCC2;&#xCB2;&#xCAE;&#xCBE;&#xCA7;&#xCCD;&#xCAF;&#xCAE;&#xCBF;&#xC95;&#xC95;&#xCBE;&#xCB0;&#xCBF;&#xC95; &#xCB8;&#xCC7;&#xCB0;&#xCBF;&#xCA6;&#xC82;&#xCA4;&#xCC6; &#xCB9;&#xCB2;&#xCB5;&#xCC1; &#xCAA;&#xCC1;&#xCB8;&#xCCD;&#xCA4;&#xC95;&#xC97;&#xCB3;&#xCBF;&#xC97;&#xCC6; &#xCAC;&#xCB0;&#xCC6;&#xCA6; &#xCAE;&#xCC1;&#xCA8;&#xCCD;&#xCA8;&#xCC1;&#xCA1;&#xCBF;&#xC97;&#xCB3;&#xCBF;&#xCB5;&#xCC6;.

&#xC95;&#xCC6;.&#xCB5;&#xCBF;. &#xCA8;&#xCBE;&#xCB0;&#xCBE;&#xCAF;&#xCA3; &#xC85;&#xCB5;&#xCB0;&#xCC1; &#xC95;&#xCA8;&#xCCD;&#xCA8;&#xCA1;&#xCA6; &#xCAA;&#xCCD;&#xCB0;&#xCAE;&#xCC1;&#xC96; &#xCB2;&#xCC7;&#xC96;&#xC95;&#xCB0;&#xCBE;&#xCA6; &#xCAE;&#xCBE;&#xCB8;&#xCCD;&#xCA4;&#xCBF;, &#xC97;&#xCCB;&#xCAA;&#xCBE;&#xCB2;&#xC95;&#xCC3;&#xCB7;&#xCCD;&#xCA3; &#xC85;&#xCA1;&#xCBF;&#xC97;, &#xCB6;&#xCBF;&#xCB5;&#xCB0;&#xCBE;&#xCAE; &#xC95;&#xCBE;&#xCB0;&#xC82;&#xCA4;, &#xCB6;&#xCBE;&#xC82;&#xCA4;&#xCBF;&#xCA8;&#xCBE;&#xCA5; &#xCA6;&#xCC7;&#xCB8;&#xCBE;&#xCAF;&#xCBF; &#xC85;&#xCB5;&#xCB0;&#xCCA;&#xC82;&#xCA6;&#xCBF;&#xC97;&#xCC6; &#xCA8;&#xCA1;&#xCC6;&#xCB8;&#xCBF;&#xCA6; &#xCB8;&#xC82;&#xCA6;&#xCB0;&#xCCD;&#xCB6;&#xCA8;&#xC97;&#xCB3; &#xC9C;&#xCCA;&#xCA4;&#xCC6;&#xC97;&#xCC6; &#xC86;&#xCB6;&#xCBE;&#xCA6;&#xCC7;&#xCB5;&#xCBF; &#xCAE;&#xCA4;&#xCCD;&#xCA4;&#xCC1; &#xC9A;&#xCB2;&#xCAA;&#xCA4;&#xCBF; &#xC85;&#xCB5;&#xCB0;&#xCC1; &#xCA8;&#xCA1;&#xCC6;&#xCB8;&#xCBF;&#xCA6; &#xCA8;&#xCBE;&#xCB0;&#xCBE;&#xCAF;&#xCA3; &#xC85;&#xCB5;&#xCB0; &#xCB8;&#xC82;&#xCA6;&#xCB0;&#xCCD;&#xCB6;&#xCA8;&#xC97;&#xCB3;&#xCA8;&#xCCD;&#xCA8;&#xCC1; &#xCB8;&#xCC7;&#xCB0;&#xCBF;&#xCB8;&#xCB2;&#xCBE;&#xC97;&#xCBF;&#xCA6;&#xCC6;. &#xC95;&#xCCA;&#xCA8;&#xCC6;&#xCAF; &#x2019;&#xCB5;&#xCCD;&#xCAF;&#xC95;&#xCCD;&#xCA4;&#xCBF;&#xC97;&#xCB3;&#xCC1;&#x2019; &#xCAD;&#xCBE;&#xC97;&#xCB2;&#xCCD;&#xCB2;&#xCBF; &#xCAE;&#xCBE;&#xCB8;&#xCCD;&#xCA4;&#xCBF;, &#xC9C;&#xCBF;.&#xC8E;&#xCB8;&#xCCD;.&#xC8E;&#xCB8;&#xCCD;., &#xC9A;&#xCBF;.&#xCB6;&#xCCD;&#xCB0;&#xCC0;&#xCA8;&#xCBF;&#xCB5;&#xCBE;&#xCB8;&#xCB0;&#xCBE;&#xC9C;&#xCC1; &#xC85;&#xCB5;&#xCB0;&#xCA8;&#xCCD;&#xCA8;&#xCC1; &#xC95;&#xCC1;&#xCB0;&#xCBF;&#xCA4; &#xCB2;&#xCC7;&#xC96;&#xCA8;&#xC97;&#xCB3;&#xCBF;&#xCB5;&#xCC6;. &#xC87;&#xCA6;&#xCCA;&#xC82;&#xCA6;&#xCC1; &#xC95;&#xCA8;&#xCCD;&#xCA8;&#xCA1; &#xCB8;&#xCBE;&#xCB9;&#xCBF;&#xCA4;&#xCCD;&#xCAF;&#xCB5;&#xCA8;&#xCCD;&#xCA8;&#xCC1; &#xC95;&#xCC1;&#xCB0;&#xCBF;&#xCA4; &#xCAE;&#xCB9;&#xCA4;&#xCCD;&#xCB5;&#xCA6; &#xC97;&#xCCD;&#xCB0;&#xC82;&#xCA5;.</subfield>
  </datafield>
  <datafield tag="650" ind1=" " ind2=" ">
    <subfield code="a">Kannada Prose: &#xC95;&#xCA8;&#xCCD;&#xCA8;&#xCA1; &#xC97;&#xCA6;&#xCCD;&#xCAF; </subfield>
    <subfield code="9">40613</subfield>
  </datafield>
  <datafield tag="650" ind1=" " ind2=" ">
    <subfield code="a">Kannada Literature: &#xC95;&#xCA8;&#xCCD;&#xCA8;&#xCA1; &#xCB8;&#xCBE;&#xCB9;&#xCBF;&#xCA4;&#xCCD;&#xCAF; </subfield>
    <subfield code="9">40614</subfield>
  </datafield>
  <datafield tag="650" ind1=" " ind2=" ">
    <subfield code="a">Literature History: &#xCB8;&#xCBE;&#xCB9;&#xCBF;&#xCA4;&#xCCD;&#xCAF;&#xCA6; &#xC9A;&#xCB0;&#xCBF;&#xCA4;&#xCCD;&#xCB0;&#xCC6; </subfield>
    <subfield code="9">40634</subfield>
  </datafield>
  <datafield tag="700" ind1=" " ind2=" ">
    <subfield code="a">NARAYANA (K V): &#xCA8;&#xCBE;&#xCB0;&#xCBE;&#xCAF;&#xCA3; (&#xC95;&#xCC6; &#xCB5;&#xCBF;)</subfield>
    <subfield code="9">40615</subfield>
  </datafield>
  <datafield tag="942" ind1=" " ind2=" ">
    <subfield code="2">ddc</subfield>
    <subfield code="c">BK</subfield>
  </datafield>
  <datafield tag="999" ind1=" " ind2=" ">
    <subfield code="c">223258</subfield>
    <subfield code="d">223258</subfield>
  </datafield>
  <datafield tag="952" ind1=" " ind2=" ">
    <subfield code="0">0</subfield>
    <subfield code="1">0</subfield>
    <subfield code="2">ddc</subfield>
    <subfield code="4">0</subfield>
    <subfield code="7">0</subfield>
    <subfield code="8">KAN</subfield>
    <subfield code="a">AL</subfield>
    <subfield code="b">AL</subfield>
    <subfield code="d">2022-06-03</subfield>
    <subfield code="e">Navakarnataka Publications, Pvt Litd, Mangaluru,-5750001</subfield>
    <subfield code="g">256.00</subfield>
    <subfield code="l">0</subfield>
    <subfield code="o">K894.4 NART</subfield>
    <subfield code="p">075868</subfield>
    <subfield code="r">2022-06-06 00:00:00</subfield>
    <subfield code="v">320.00</subfield>
    <subfield code="w">2022-06-06</subfield>
    <subfield code="y">BK</subfield>
  </datafield>
</record>
